00542nam a2200181 a 45000010010000000030011000100080041000210350026000620820017000881000021001052450026001262600047001526500024001999420012002239520090002359980020003259990015003450000-8706ELIB.Books110520 1959  a(ELIB.Books)0000-8852 a268.85 bMac aMacleod, Jack M. aTheirs is the Kingdom bPhiladelphia: The Westminster Press c1959 aChristian Education 2ddccBK 00102ddc4070aKBTSbKBTSd2011-05-20l0p2008r2022-01-22 00:00:00w2022-01-22yBK cbate2011-05-20 c8706d8706